[Event "ROM-ch U12"]
[Site "Baile Felix"]
[Date "2017.02.09"]
[Round "9"]
[White "Papa, Matei"]
[Black "Grigor, Mihai"]
[Result "1-0"]
[WhiteElo "1107"]
[BlackElo "1281"]
[PlyCount "117"]
[EventDate "2017.02.02"]
[EventType "swiss"]
[EventRounds "9"]
[EventCountry "ROU"]
[SourceTitle "CBM 176 Extra"]
[Source "ChessBase"]
[SourceDate "2017.03.02"]
[SourceVersion "1"]
[SourceVersionDate "2017.03.02"]
[SourceQuality "1"]

1. d4 c6 2. e4 d5 3. exd5 cxd5 4. Bd3 e6 5. Nf3 g6 6. c3 Bg7 7. Bf4 Nc6 8. Nbd2 Nf6 9. Ne5 0-0 10. Ndf3 Nxe5 11. Nxe5 Nd7 12. Nf3 Qf6 13. Bg5 Qxg5 14. Nxg5 Bf6 15. Nf3 a6 16. c4 Re8 17. Qa4 Re7 18. Ne5 Bg7 19. Nxd7 Rxd7 20. cxd5 Rxd5 21. Qe8+ Bf8 22. Rc1 Rxd4 23. Rxc8 Rxc8 24. Qxc8 Rxd3 25. 0-0 Rd2 26. Qxb7 a5 27. Qc8 Rxb2 28. g3 Rxa2 29. Rb1 Kg7 30. Qc3+ Kg8 31. Qb3 Ra3 32. Qb8 a4 33. Kf1 h6 34. Ke2 Ra2+ 35. Rb2 Ra3 36. Qa8 Kg7 37. Kd2 Bc5 38. Rb5 Bd4 39. Ke2 Ra2+ 40. Kd3 Bxf2 41. Ra5 Be1 42. Rxa4 Rxh2 43. Qf3 Rh3 44. Ke2 Rxg3 45. Qc6 Rc3 46. Rc4 Rxc4 47. Qxc4 Bg3 48. Qc3+ Kh7 49. Qxg3 h5 50. Qh4 Kg7 51. Ke3 e5 52. Ke4 f6 53. Kd5 Kf7 54. Kd6 e4 55. Qxe4 f5 56. Qe7+ Kg8 57. Ke6 f4 58. Kf6 f3 59. Qg7# 1-0

[Event "ROM-ch U12"]
[Site "Baile Felix"]
[Date "2017.02.02"]
[Round "1"]
[White "Bighiu, Rares"]
[Black "Grigor, Mihai"]
[Result "1-0"]
[WhiteElo "1672"]
[BlackElo "1281"]
[PlyCount "77"]
[EventDate "2017.02.02"]
[EventType "swiss"]
[EventRounds "9"]
[EventCountry "ROU"]
[SourceTitle "CBM 176 Extra"]
[Source "ChessBase"]
[SourceDate "2017.03.02"]
[SourceVersion "1"]
[SourceVersionDate "2017.03.02"]
[SourceQuality "1"]

1. d4 e6 2. c4 d5 3. Nc3 dxc4 4. e3 Nf6 5. Bxc4 Be7 6. Nf3 a6 7. 0-0 0-0 8. Qc2 b5 9. Be2 Bb7 10. Rd1 c6 11. Ne5 Qc7 12. Bf3 Rd8 13. Ne4 Nfd7 14. Nxd7 Nxd7 15. Bd2 Rab8 16. Rac1 Nb6 17. Ba5 Ba8 18. Nc5 Qa7 19. Qb3 Bxc5 20. Rxc5 Rd6 21. Bxb6 Qxb6 22. Rdc1 Rc8 23. d5 g6 24. Qc3 exd5 25. Bxd5 Bb7 26. Bf3 h6 27. e4 Rc7 28. e5 Re6 29. h3 b4 30. Qd2 Rce7 31. Qf4 g5 32. Qf5 Qc7 33. Be4 Rg6 34. Bd5 Bc8 35. Qxg6+ Kf8 36. Qxh6+ Ke8 37. Bxc6+ Kd8 38. Qf8+ Re8 39. Qxe8# 1-0

[Event "ROM-ch U12"]
[Site "Calimanesti Caciulata"]
[Date "2016.04.21"]
[Round "5"]
[White "Grigor, Mihai"]
[Black "Codrea, Andrei Vladimir"]
[Result "1/2-1/2"]
[WhiteElo "1334"]
[BlackElo "1119"]
[PlyCount "95"]
[EventDate "2016.04.18"]
[EventType "swiss"]
[EventRounds "9"]
[EventCountry "ROU"]
[SourceTitle "CBM 172 Extra"]
[Source "ChessBase"]
[SourceDate "2016.06.21"]
[SourceVersion "1"]
[SourceVersionDate "2016.06.21"]
[SourceQuality "1"]

1. e4 c6 2. Nc3 d5 3. exd5 cxd5 4. d4 Nf6 5. g3 g6 6. Bg2 Bg7 7. Nf3 0-0 8. b3 Be6 9. Bb2 Nc6 10. 0-0 Qd7 11. Ne2 Bh3 12. Nf4 Bxg2 13. Nxg2 Ne4 14. Nd2 Nxd4 15. Bxd4 Bxd4 16. Rb1 Nc3 17. Qf3 Nxb1 18. Rxb1 Rac8 19. Rc1 Bb2 20. Rd1 Rxc2 21. Ne3 Rc1 22. Rxc1 Bxc1 23. Qd1 Bxd2 24. Qxd2 e6 25. Qd4 a6 26. Ng4 f6 27. Nxf6+ Rxf6 28. Qxf6 Qf7 29. Qe5 Qf5 30. Qb8+ Kg7 31. Qxb7+ Kf6 32. Qxa6 Qb1+ 33. Kg2 Qe4+ 34. Kg1 Qb1+ 35. Qf1 Qxa2 36. b4 Qb2 37. b5 Kg7 38. Qd3 Qc1+ 39. Kg2 Qc4 40. Qxc4 dxc4 41. b6 c3 42. b7 c2 43. b8Q c1Q 44. Qb7+ Kh6 45. Qe4 Qc8 46. h4 Qd7 47. Qe3+ Kg7 48. Qc3+ 1/2-1/2

[Event "ROM-ch U10"]
[Site "Calimanesti"]
[Date "2014.04.13"]
[Round "9"]
[White "Cristea, Radu"]
[Black "Grigor, Mihai"]
[Result "1-0"]
[WhiteElo "1179"]
[BlackElo "1291"]
[PlyCount "130"]
[EventDate "2014.04.06"]
[EventType "swiss"]
[EventRounds "9"]
[EventCountry "ROU"]
[SourceTitle "CBM 160 Extra"]
[Source "ChessBase"]
[SourceDate "2014.07.01"]
[SourceVersion "1"]
[SourceVersionDate "2014.07.01"]
[SourceQuality "1"]

1. d4 d5 2. Nf3 Nf6 3. g3 g6 4. Bg2 Bg7 5. 0-0 Nc6 6. b3 b6 7. Bb2 Bb7 8. Nbd2 Nd7 9. a3 0-0 10. c4 dxc4 11. Nxc4 Re8 12. e3 b5 13. Ncd2 e5 14. dxe5 Ncxe5 15. Bxe5 Nxe5 16. Nxe5 Bxg2 17. Kxg2 Bxe5 18. Rc1 Bb2 19. Rc2 Bxa3 20. Qa1 Bf8 21. Qc1 Re7 22. Kg1 Rd7 23. Nf3 Rc8 24. Ne5 Rd6 25. Nc6 Qd7 26. Nxa7 Rb8 27. Rxc7 Qe6 28. Nc6 Rb6 29. Nd4 Qd5 30. Rc5 Qb7 31. Rc7 Qd5 32. Rc5 Qb7 33. Rc3 Qd5 34. Rc5 Qb7 35. Qc2 Rxd4 36. Rc7 Qe4 37. exd4 Qxd4 38. Rd1 Qe5 39. Rc8 Kg7 40. Qc7 Re6 41. Qxe5+ Rxe5 42. Rcd8 Rf5 43. R8d5 Rxd5 44. Rxd5 b4 45. Kf1 Kf6 46. Ke2 Ke6 47. Rd3 f5 48. f4 Bc5 49. Kd1 Bg1 50. h4 h5 51. Kc2 Bc5 52. Rd1 Bf2 53. Rd3 Bc5 54. Rf3 Kd5 55. Kd3 Bd6 56. Ke2 Bc5 57. Rd3+ Ke6 58. Rd8 Kf7 59. Rd5 Bf8 60. Rb5 Ke6 61. Kd3 Kd7 62. Kc4 Kc6 63. Rb8 Bc5 64. Rc8+ Kb6 65. Rxc5 Ka6 1-0

[Event "ROM-ch U10"]
[Site "Calimanesti"]
[Date "2014.04.10"]
[Round "6"]
[White "Grigor, Mihai"]
[Black "Jidovu, Mihnea Constantin"]
[Result "1/2-1/2"]
[WhiteElo "1291"]
[BlackElo "1090"]
[PlyCount "54"]
[EventDate "2014.04.06"]
[EventType "swiss"]
[EventRounds "9"]
[EventCountry "ROU"]
[SourceTitle "CBM 160 Extra"]
[Source "ChessBase"]
[SourceDate "2014.07.01"]
[SourceVersion "1"]
[SourceVersionDate "2014.07.01"]
[SourceQuality "1"]

1. e4 e5 2. Nf3 Nc6 3. Bc4 Nf6 4. Ng5 d5 5. exd5 Nxd5 6. d3 Be7 7. Nf3 Bg4 8. h3 Bh5 9. Nbd2 0-0 10. 0-0 Bc5 11. Ne4 Be7 12. Ng3 Bg6 13. Re1 Bf6 14. Rb1 Re8 15. b4 Ndxb4 16. a3 Nd5 17. Rxb7 Nb6 18. Bb5 Qd5 19. Bc4 Qd8 20. Ba6 Qd5 21. Rxc7 Qd6 22. Rb7 Nd8 23. Rxb6 axb6 24. Bb5 Re6 25. Bc4 Re8 26. Bb5 Re6 27. Bc4 Re8 1/2-1/2

[Event "ROM-ch U10"]
[Site "Calimanesti"]
[Date "2014.04.09"]
[Round "5"]
[White "Costin, Alexandru"]
[Black "Grigor, Mihai"]
[Result "0-1"]
[WhiteElo "1062"]
[BlackElo "1291"]
[PlyCount "112"]
[EventDate "2014.04.06"]
[EventType "swiss"]
[EventRounds "9"]
[EventCountry "ROU"]
[SourceTitle "CBM 160 Extra"]
[Source "ChessBase"]
[SourceDate "2014.07.01"]
[SourceVersion "1"]
[SourceVersionDate "2014.07.01"]
[SourceQuality "1"]

1. d4 d5 2. Nf3 e6 3. Bf4 Nf6 4. c4 dxc4 5. Nc3 c6 6. e3 b5 7. a4 bxa4 8. Bxc4 Bb4 9. Qxa4 Bxc3+ 10. bxc3 Nfd7 11. Ne5 Bb7 12. Nxd7 Qxd7 13. 0-0 0-0 14. Qd1 c5 15. Qg4 Re8 16. Bh6 g6 17. Qf4 Qe7 18. Bg5 Qf8 19. Qf6 Nd7 20. Qf4 Rec8 21. Bb5 Nb6 22. Qf6 Nd5 23. Qe5 Nxc3 24. dxc5 Rxc5 25. Bh6 Rxe5 26. Bxf8 Kxf8 27. Bd3 Rg5 28. f3 f5 29. Ra3 Nd5 30. e4 Ne3 31. Rf2 fxe4 32. Bxe4 Bxe4 33. fxe4+ Kg7 34. Rxe3 a5 35. Ra2 a4 36. Rea3 Rga5 37. Kf1 Kf6 38. Kf2 Ke5 39. Ke3 h5 40. g3 g5 41. h3 g4 42. h4 R8a7 43. Kd3 R5a6 44. Ke3 Ra8 45. Kd3 Rd8+ 46. Ke3 Rd4 47. Kf2 Rxe4 48. Re2 Rxe2+ 49. Kxe2 Kf6 50. Ra1 a3 51. Kd2 a2 52. Kc2 e5 53. Kd2 Kf5 54. Ke2 e4 55. Ke1 e3 56. Ke2 Ke4 0-1

[Event "ROM-ch U10"]
[Site "Calimanesti"]
[Date "2014.04.09"]
[Round "4"]
[White "Grigor, Mihai"]
[Black "Marin, Tudor Florin"]
[Result "1/2-1/2"]
[WhiteElo "1291"]
[BlackElo "1008"]
[PlyCount "67"]
[EventDate "2014.04.06"]
[EventType "swiss"]
[EventRounds "9"]
[EventCountry "ROU"]
[SourceTitle "CBM 160 Extra"]
[Source "ChessBase"]
[SourceDate "2014.07.01"]
[SourceVersion "1"]
[SourceVersionDate "2014.07.01"]
[SourceQuality "1"]

1. e4 e5 2. Nf3 Nc6 3. Bc4 Bc5 4. d3 Nf6 5. 0-0 0-0 6. Nc3 d6 7. Be3 Bb6 8. d4 exd4 9. Nxd4 Bd7 10. Nxc6 Bxc6 11. Bxb6 axb6 12. Re1 Re8 13. Bd5 Bxd5 14. exd5 Ra5 15. b4 Ra8 16. Rxe8+ Qxe8 17. Qe1 h6 18. Qxe8+ Rxe8 19. h3 c6 20. dxc6 bxc6 21. Kf1 Kf8 22. Re1 Rxe1+ 23. Kxe1 Ke7 24. Ke2 b5 25. Ke3 Ke6 26. Ne4 Nxe4 27. Kxe4 d5+ 28. Ke3 Ke5 29. f4+ Kd6 30. a3 c5 31. c3 c4 32. Kd4 f5 33. g3 h5 34. h4 1/2-1/2

[Event "ROM-ch U10"]
[Site "Calimanesti"]
[Date "2014.04.06"]
[Round "1"]
[White "Leustean, Andrei"]
[Black "Grigor, Mihai"]
[Result "1-0"]
[WhiteElo "1001"]
[BlackElo "1291"]
[PlyCount "77"]
[EventDate "2014.04.06"]
[EventType "swiss"]
[EventRounds "9"]
[EventCountry "ROU"]
[SourceTitle "CBM 160 Extra"]
[Source "ChessBase"]
[SourceDate "2014.07.01"]
[SourceVersion "1"]
[SourceVersionDate "2014.07.01"]
[SourceQuality "1"]

1. e4 c6 2. Nf3 d5 3. exd5 cxd5 4. d4 Nf6 5. Bb5+ Bd7 6. Nc3 e6 7. 0-0 Be7 8. Bg5 0-0 9. Re1 a6 10. Ba4 b5 11. Bb3 a5 12. a4 b4 13. Nb5 Bxb5 14. axb5 Nbd7 15. Ne5 Re8 16. c4 dxc4 17. Bxc4 Nb6 18. b3 Qd6 19. Qd3 Nfd7 20. Bxe7 Qxe7 21. Nc6 Qd6 22. Qe4 Nf6 23. Qe5 Qd7 24. Nxa5 Nxc4 25. bxc4 Qa7 26. Nb3 Qb7 27. Nc5 Qc8 28. b6 Qc6 29. b7 Rab8 30. d5 exd5 31. cxd5 Qxd5 32. Qxd5 Rxe1+ 33. Rxe1 Nxd5 34. Nd7 g6 35. Nxb8 b3 36. Nc6 b2 37. b8Q+ Kg7 38. Qxb2+ Kh6 39. Re4 1-0

[Event "ROM-ch U08"]
[Site "Calimanesti"]
[Date "2013.04.05"]
[Round "5"]
[White "Grigor, Mihai"]
[Black "Bratu, Andrei Viorel"]
[Result "1-0"]
[WhiteElo "1128"]
[BlackElo "1073"]
[PlyCount "107"]
[EventDate "2013.04.02"]
[EventType "swiss"]
[EventRounds "9"]
[EventCountry "ROU"]
[SourceTitle "CBM 153 Extra"]
[Source "ChessBase"]
[SourceDate "2013.04.22"]
[SourceVersion "1"]
[SourceVersionDate "2013.04.22"]
[SourceQuality "1"]

1. e4 c5 2. Bc4 d6 3. Nf3 e6 4. 0-0 Be7 5. Nc3 Nf6 6. d3 0-0 7. e5 dxe5 8. Nxe5 Bd6 9. Bf4 Nfd7 10. Re1 f6 11. Nxd7 Qxd7 12. Bxe6+ Qxe6 13. Rxe6 Bxe6 14. Bxd6 Re8 15. Bxb8 Raxb8 16. Qd2 Re7 17. Ne4 Rc8 18. Nd6 Rd8 19. Nc4 Bxc4 20. Qc3 Be6 21. Qxc5 Rde8 22. Qa3 a6 23. h3 f5 24. Re1 b6 25. Qxa6 Bc8 26. Rxe7 Bxa6 27. Rxe8+ Kf7 28. Re1 Bb7 29. Kh2 Kf6 30. Kg3 Kg5 31. f4+ Kh5 32. Re5 Kg6 33. Kf2 Kf6 34. g4 fxg4 35. hxg4 g6 36. Ke3 h6 37. d4 g5 38. fxg5+ hxg5 39. Rf5+ Ke6 40. Rxg5 Kd6 41. Rf5 Bc8 42. Rf6+ Ke7 43. g5 Be6 44. Rxe6+ Kxe6 45. g6 Kf6 46. Kf4 Kxg6 47. Ke5 Kf7 48. Kd6 b5 49. Kc6 b4 50. d5 Ke7 51. Kc7 Ke8 52. d6 Kf7 53. d7 Kg6 54. d8Q 1-0